000 00565nam a22001457a 4500
999 _c13313
_d13313
008 190228b ||||| |||| 00| 0 eng d
022 _a0746-8342
082 _aDPer 510.5 C697 Jan 2012-Sept 2015 v. 43 & 46, n. 1-4
100 _aRicheson, David.
_937217
245 _aCircular reasoning:
_bwho first proved that C divided by d is a constant/
_cDavid Richeson.
260 _aWashington D. C.:
_bMathematical Association of America,
_c©Jul 2012-Sept 2015.
300 _av43 n3, pages 162-171:
_bIllustrations;
_c25 cm.
650 _aAlgebra.
_937218
942 _2ddc
_cPER